000 00514nam a22001817a 4500
005 20250428170433.0
008 250428b |||||||| |||| 00| 0 eng d
020 _a9780273704324
050 _aHD69
_b.P75M3796 MAY
100 _aMaylor Harvey
245 _aProject Management
_cHarvey Maylor
250 _a4th Ed.
260 _aHarlow
_bPearson Education Ltd.
_c2010
300 _axxiii. 414p.
_bill. (some col.)
_c25 cm
500 _aIncludes Index
650 _2Project Management
942 _2lcc
_cBK
_e4th Ed.
_n0
999 _c5581
_d5581